000 00949nam a2200265 a 4500
001 BRCA_3512
005 20190320204320.0
008 250709s1843----u--a---###---#000-0#eng-#
041 _aeng
044 _au
050 4 _aF1213
_b.C35 1 1843
100 1 _aCalderón de la Barca, Frances Erskine Inglis
_d1804-1882
_99129
245 1 0 _aLife in México during a residence of two years in that country
_cby Mme. C. de la B.
260 _aBoston, Massachusetts
_bCharles. C. Little and James Brown
_c1843
300 _axii, 412 p. (v.1)
_bil.
_c21 cm.
500 _aCon Ex-libris de: Robertson Trowbridge
500 _aEstado fisíco: lomo desprendido y costuras rotas
500 _aVer también C15 (3a ed. 1910), C135 (2a ed. 1907) y CEF80 (v.2)
500 _aB97
650 1 4 _aViajeros ingleses
_97018
651 4 _aMéxico
_xDescripción y viajes
_9103
651 4 _aMéxico
_xVida social y costumbres
_9769
902 _aGFM
942 _2lcc
_cB
999 _c3247
_d3247